Mike and phani's essential C++ techniques (Record no. 170050)

000 -LEADER
fixed length control field 00384nam a2200133Ia 4500
008 - FIXED-LENGTH DATA ELEMENTS--GENERAL INFORMATION
fixed length control field 220217s9999||||xx |||||||||||||| ||und||
020 ## - INTERNATIONAL STANDARD BOOK NUMBER
International Standard Book Number 3-540-780-77-7
082 ## - DEWEY DECIMAL CLASSIFICATION NUMBER
Classification number 005.13 HYM
100 ## - MAIN ENTRY--PERSONAL NAME
Personal name Hyman, Michael Vaddadi, Pani
9 (RLIN) 2810
245 #0 - TITLE STATEMENT
Title Mike and phani's essential C++ techniques
260 ## - PUBLICATION, DISTRIBUTION, ETC.
Place of publication, distribution, etc. Replika press
Name of publisher, distributor, etc. Delhi
Date of publication, distribution, etc. 1999
300 ## - PHYSICAL DESCRIPTION
Other physical details 210
650 ## - SUBJECT ADDED ENTRY--TOPICAL TERM
Topical term or geographic name entry element PROGRAMMING LANGUAGE
Holdings
Withdrawn status Lost status Damaged status Not for loan Collection code Home library Current library Shelving location Date acquired Full call number Barcode Date last seen Price effective from Koha item type
        Computer Science and Engineering Central Library Central Library Reference 02/18/2022 005.13 HYM 5239 02/18/2022 02/18/2022 Books

Powered by Koha